Mitologías amerindias

Guardat en:
Dades bibliogràfiques
Altres autors: Ortiz Rescaniere, Alejandro (Editor)
Format: Llibre
Idioma:espanyol
Publicat: Madrid Trotta 2006
Col·lecció:Enciclopedia Iberoamericana de Religiones, 5
Matèries:
Etiquetes: Afegir etiqueta
Sense etiquetes, Sigues el primer a etiquetar aquest registre!

MARC

LEADER 00000cam a2200000 a 4500
001 UCF1866
003 CL-VaPUC
008 120727e20060000SP |||||||||||||||||spa|d
020 |a 8481648582 
082 0 4 |a 398.2098  |b ORT  |2 21 
100 |a Ortiz Rescaniere, Alejandro  |e editor  |9 563388 
245 1 0 |a Mitologías amerindias 
300 |a 420 p 
942 |c BK 
945 |d 20120727 00:00:00  |a dcastane 
260 |a Madrid  |b Trotta  |c 2006 
650 7 |a MITOLOGIA AMERICANA  |2 CL-VaPUC  |9 472389 
650 7 |a LEYENDAS AMERICANAS  |2 CL-VaPUC  |9 472390 
583 |a last modification  |c 20120727 13:37:00  |k Rodrigo Vera 
490 0 |a Enciclopedia Iberoamericana de Religiones, 5 
999 |c 348554  |d 348552 
952 |0 0  |1 0  |4 0  |6 398_209800000000000_ORT_2006  |7 0  |8 A  |9 450612  |a BIBING  |b BIBING  |d 2019-11-22  |i 4874854  |o 398.2098 ORT 2006  |p 4874854  |r 2025-01-20  |w 2019-11-22  |y BK  |k CUI